000 00424nam a2200181Ia 4500
001 4756
005 20260306145818.0
008 260306t1999||||xx |||||||||||||| ||spa||
041 _aESP
082 _a330.015195
_bP46
100 _aPérez Suárez, Víctor B.
_eAUT
245 0 _aEconometrics views
260 _c1999
300 _a341 páginas :
_c20 cm.
650 _aGEN
654 _aCAN
942 _cLIB
_dJUS
_fJUS
_2ddc
_n
999 _c4756
_d4756